000 00844nam a22001937a 4500
008 110712s2005 ua|||||r|||| 000 0 ara d
082 _a575.0162
_bث ق ا
245 _aالثقافة :
_bمنظور دارويني : وضع مبحث الميمات كعلم /
_cتحرير روبرت أونجر ؛ ترجمة شوقي جلال
260 _aالقاهرة :
_bالمجلس الأعلى للثقافة، 2005
_c2005
300 _a307 ص ؛
_c24 سم
504 _aيشتمل على إرجاعات ببليوجرافية ص281-300
650 _926278
_aنظرية دارون
700 _926275
_aأونجر، روبرت
_eتحرير
700 _926277
_aجلال، شوقي
_eترجمة
942 _2ddc
_cBB
_hRDA-MOD
999 _c15683
_d15683
336 _2rdacontent
_aنص
_btxt
337 _aبدون وسيط
_2rdamedia
_bn
338 _aمجلد
_bnc
_2rdacarrier